| 000 | 00539nam a22001937a 4500 | ||
|---|---|---|---|
| 005 | 20260108104528.0 | ||
| 008 | 260108b |||||||| |||| 00| 0 eng d | ||
| 020 |
_a9780415265041 _qhbk |
||
| 041 | _aeng | ||
| 082 |
_a301 _bWIL |
||
| 100 | _aWillener, Alfred | ||
| 245 |
_aThe action-image of society _cAlfred Willener _bon cultural politicization |
||
| 260 |
_aLondon, _bRoutledge _c2013 |
||
| 300 |
_a336 P. _c23 cm. |
||
| 504 | _aindex | ||
| 650 | _aNon-established Society | ||
| 650 | _aSurrealist Exploration | ||
| 942 | _cENGLISH | ||
| 999 |
_c607561 _d607561 |
||